[Event "CHN-ch Gp-B"]
[Site "Liaocheng"]
[Date "2024.04.26"]
[Round "11"]
[White "Xu, Wei"]
[Black "Liu, Haoling"]
[Result "1-0"]
[WhiteElo "2047"]
[BlackElo "1772"]
[PlyCount "139"]
[EventDate "2024.04.21"]
[EventType "swiss"]
[EventRounds "11"]
[EventCountry "CHN"]
[SourceTitle "CB18_2024"]
[SourceDate "2024.05.01"]
[SourceVersion "1"]
[SourceVersionDate "2024.05.01"]
[SourceQuality "2"]

1. d4 Nf6 2. c4 e6 3. Nc3 d5 4. Nf3 Be7 5. Bg5 0-0 6. e3 Nbd7 7. Bd3 dxc4 8. Bxc4 c5 9. 0-0 cxd4 10. exd4 Nb6 11. Bb3 Nfd5 12. Bxe7 Nxe7 13. Qe2 Bd7 14. Rad1 Bc6 15. Ne5 Bd5 16. Bc2 Ng6 17. f4 Qc8 18. Qh5 Qe8 19. Rd3 Nxe5 20. Rh3 h6 21. fxe5 f5 22. exf6 Qxh5 23. Rxh5 Rxf6 24. Rxf6 gxf6 25. Rxh6 Rf8 26. Kf2 Rf7 27. g3 Kf8 28. h4 Kg7 29. Rh7+ Kg8 30. Rxf7 Kxf7 31. g4 Bc6 32. Bb3 Bd7 33. Kg3 Kg7 34. Kf4 a5 35. g5 fxg5+ 36. Kxg5 a4 37. Bc2 a3 38. bxa3 Nc4 39. h5 b5 40. h6+ Kh8 41. Ne4 Bc6 42. Nc5 e5 43. dxe5 Nxe5 44. Ne6 Nc4 45. Nd4 Bd7 46. Bd3 Nxa3 47. Kf6 Nc4 48. a4 Ne3 49. Bxb5 Bc8 50. a5 Ng4+ 51. Kg5 Ne5 52. a6 Bxa6 53. Bxa6 Nf7+ 54. Kh5 Nxh6 55. Kxh6 Kg8 56. Kg6 Kh8 57. Nf5 Kg8 58. Bb7 Kh8 59. Be4 Kg8 60. Nd6 Kh8 61. Nf7+ Kg8 62. Kf6 Kf8 63. Bh7 Ke8 64. Ne5 Kd8 65. Ke6 Kc7 66. Nd7 Kc6 67. Bd3 Kb7 68. Kd6 Kc8 69. Nc5 Kd8 70. Bg6 1-0

[Event "CHN-ch Gp-B"]
[Site "Liaocheng"]
[Date "2024.04.22"]
[Round "4"]
[White "Liu, Haoling"]
[Black "Zhang, Zhi"]
[Result "1-0"]
[WhiteElo "1772"]
[BlackElo "1987"]
[PlyCount "59"]
[EventDate "2024.04.21"]
[EventType "swiss"]
[EventRounds "11"]
[EventCountry "CHN"]
[SourceTitle "CB18_2024"]
[SourceDate "2024.05.01"]
[SourceVersion "1"]
[SourceVersionDate "2024.05.01"]
[SourceQuality "2"]

1. d4 d5 2. Nf3 Nf6 3. Bf4 c5 4. e3 Nc6 5. Nbd2 cxd4 6. exd4 Bf5 7. Bb5 e6 8. Ne5 Qb6 9. Qe2 Qxd4 10. Nxc6 Qxf4 11. g3 Qc7 12. Nd4+ Kd8 13. Nxf5 exf5 14. 0-0-0 a6 15. Ba4 Bd6 16. Qd3 f4 17. Kb1 fxg3 18. hxg3 Ke7 19. g4 Bf4 20. Nf3 Rhd8 21. g5 Ne4 22. Rxh7 Qb6 23. Rxg7 Rd6 24. Bb3 Re8 25. g6 Nxf2 26. Re1+ Re6 27. Rxf7+ Kd8 28. Qxd5+ Qd6 29. Rxe6 Rxe6 30. Rf8+ 1-0

[Event "CHN-ch Gp-B"]
[Site "Liaocheng"]
[Date "2024.04.22"]
[Round "3"]
[White "Xie, Jianjun"]
[Black "Liu, Haoling"]
[Result "0-1"]
[WhiteElo "2384"]
[BlackElo "1772"]
[PlyCount "64"]
[EventDate "2024.04.21"]
[EventType "swiss"]
[EventRounds "11"]
[EventCountry "CHN"]
[SourceTitle "CB18_2024"]
[SourceDate "2024.05.01"]
[SourceVersion "1"]
[SourceVersionDate "2024.05.01"]
[SourceQuality "2"]

1. e4 c5 2. d4 cxd4 3. c3 Nf6 4. e5 Nd5 5. Nf3 Nc6 6. Bc4 Nb6 7. Bb3 d5 8. exd6 Qxd6 9. 0-0 Be6 10. Bxe6 Qxe6 11. Nxd4 Nxd4 12. Qxd4 Rd8 13. Qh4 Qe2 14. Nd2 Rxd2 15. Bxd2 Qxd2 16. Rfd1 Qh6 17. Qb4 Qc6 18. Qa5 a6 19. Rd4 e6 20. Qe5 f6 21. Qg3 g6 22. h4 Bc5 23. Rd3 Kf7 24. Rad1 Be7 25. b3 Rc8 26. c4 Qc7 27. Qg4 h5 28. Qf3 Qc6 29. Qxc6 Rxc6 30. g3 e5 31. f3 Bc5+ 32. Kf1 Bd4 0-1

[Event "Hohhot National op"]
[Site "Hohhot"]
[Date "2023.12.24"]
[Round "9"]
[White "Wang, Yinuo"]
[Black "Liu, Haoling"]
[Result "0-1"]
[WhiteElo "1506"]
[BlackElo "1587"]
[PlyCount "174"]
[EventDate "2023.12.20"]
[EventType "swiss"]
[EventRounds "9"]
[EventCountry "CHN"]
[SourceTitle "CB52_2023"]
[SourceDate "2023.12.27"]
[SourceVersion "1"]
[SourceVersionDate "2023.12.27"]
[SourceQuality "1"]

1. d4 d5 2. c4 e6 3. Nf3 c6 4. Nbd2 Nd7 5. g3 f5 6. Bg2 Ngf6 7. Qc2 Bd6 8. cxd5 cxd5 9. Nb3 Qe7 10. Bf4 Bxf4 11. gxf4 Qd6 12. Ne5 b6 13. Rc1 Ba6 14. Qc7 Qxc7 15. Rxc7 Kd8 16. Rc2 Ke7 17. Kd2 Rhc8 18. Rhc1 Ne8 19. a4 Rxc2+ 20. Rxc2 Bb7 21. e3 Ba6 22. Bf3 Ndf6 23. Be2 Ne4+ 24. Ke1 Bxe2 25. Kxe2 N4d6 26. Kd3 Nb7 27. Nd2 Nd8 28. b4 Rb8 29. Nb1 Rb7 30. Nc3 Rc7 31. b5 Kd6 32. f3 Nf6 33. h4 Nh5 34. Ra2 Ng3 35. Ra1 Nb7 36. Nc6 Kd7 37. Na2 Nd6 38. Rg1 Nh5 39. Nab4 a5 40. Ne5+ Ke8 41. Nbc6 Nf7 42. Rc1 Nxe5+ 43. fxe5 g6 44. Rc2 Ng3 45. Rg2 Nh5 46. Rg5 Rf7 47. Rg1 Rc7 48. Rf1 Ng3 49. Rf2 Nh5 50. e4 Rf7 51. exd5 Nf4+ 52. Kd2 Nxd5 53. Rg2 Rf8 54. Ke1 Kf7 55. Rc2 Rc8 56. Kf2 h6 57. Kg3 f4+ 58. Kh3 g5 59. Rg2 Kg6 60. Rg1 Kf5 61. Rg2 Rc7 62. Rc2 Ne3 63. Rc1 g4+ 64. fxg4+ Ke4 65. Rg1 f3 66. Kg3 Rg7 67. Nd8 Rxg4+ 68. Kf2 Rxh4 69. Nf7 Rh2+ 70. Kg3 Rg2+ 71. Rxg2 fxg2 72. Kf2 Kxd4 73. Nxh6 Kxe5 74. Nf7+ Kd5 75. Ng5 e5 76. Nf3 Ke4 77. Nd2+ Kd3 78. Nb3 e4 79. Kg1 Nc2 80. Kxg2 e3 81. Kf3 Nd4+ 82. Nxd4 Kxd4 83. Ke2 Ke4 84. Ke1 Kd3 85. Kd1 Kc3 86. Ke2 Kb4 87. Kxe3 Kxa4 0-1

[Event "Hohhot National op"]
[Site "Hohhot"]
[Date "2023.12.23"]
[Round "7"]
[White "Zhao, Shuxing"]
[Black "Liu, Haoling"]
[Result "0-1"]
[WhiteElo "1308"]
[BlackElo "1587"]
[PlyCount "142"]
[EventDate "2023.12.20"]
[EventType "swiss"]
[EventRounds "9"]
[EventCountry "CHN"]
[SourceTitle "CB52_2023"]
[SourceDate "2023.12.27"]
[SourceVersion "1"]
[SourceVersionDate "2023.12.27"]
[SourceQuality "1"]

1. e4 c5 2. Nf3 e6 3. d4 cxd4 4. Nxd4 Nc6 5. Nc3 Qc7 6. Be2 a6 7. Nxc6 Qxc6 8. a3 b5 9. 0-0 Bb7 10. Bf3 Qc7 11. Re1 Ne7 12. e5 Ng6 13. Bxb7 Qxb7 14. f4 Be7 15. Ne4 0-0 16. Qf3 Qc7 17. Qc3 Rac8 18. Qxc7 Rxc7 19. c3 f6 20. exf6 gxf6 21. Be3 Nh4 22. Bf2 Nf5 23. Ng3 Nd6 24. Rad1 Nc4 25. Re2 Kf7 26. Nf1 Rb7 27. Rde1 Bd6 28. g3 Rg8 29. Kh1 e5 30. fxe5 fxe5 31. Ne3 Bb8 32. Nxc4 bxc4 33. Rf1 Ke6 34. Be3 Bd6 35. Ref2 Be7 36. Bc1 Rg7 37. Re1 d6 38. Rfe2 Bf6 39. Rd1 Be7 40. Rde1 Bg5 41. Bxg5 Rxg5 42. Kg2 Rg8 43. Rd2 Rgb8 44. Ree2 Rf7 45. Re1 d5 46. Rde2 e4 47. Rd2 Rf3 48. Rde2 Ke5 49. Rd1 h5 50. Rde1 a5 51. a4 Rg8 52. Kh1 Rg4 53. Rd1 Rg7 54. Rde1 Rgf7 55. Kg2 Rg7 56. Kh1 Rg8 57. Rd1 h4 58. gxh4 Rh3 59. Rf1 e3 60. h5 Ke4 61. h6 Rxh6 62. Rd1 Rh3 63. Rde1 Kd3 64. Rg2 Rxg2 65. Kxg2 Kd2 66. Rf1 e2 67. Rf2 Rh8 68. h3 Rg8+ 69. Kh2 Ke3 70. Rf6 Re8 71. Rg6 e1Q 0-1

[Event "Tianjin Binhai Cup-B 3rd"]
[Site "Tianjin"]
[Date "2023.08.25"]
[Round "9"]
[White "Cong, Dingzhou"]
[Black "Liu, Haoling"]
[Result "1-0"]
[WhiteElo "1655"]
[BlackElo "1709"]
[PlyCount "75"]
[EventDate "2023.08.20"]
[EventType "swiss"]
[EventRounds "9"]
[EventCountry "CHN"]
[SourceTitle "EXT 2024"]
[Source "ChessBase"]
[SourceDate "2023.10.10"]
[SourceVersion "1"]
[SourceVersionDate "2023.10.10"]
[SourceQuality "1"]

1. e4 c5 2. Nf3 e6 3. d4 cxd4 4. Nxd4 Nc6 5. Nc3 Qc7 6. Be3 a6 7. Qd2 Nf6 8. 0-0-0 Bb4 9. f3 d5 10. a3 Be7 11. exd5 exd5 12. g4 h6 13. h4 Be6 14. Qf2 Ne5 15. Be2 Nc4 16. Bxc4 Qxc4 17. g5 Nd7 18. gxh6 gxh6 19. f4 Bg4 20. Rd2 Nf6 21. Nb3 Ne4 22. Nxe4 dxe4 23. f5 f6 24. Kb1 h5 25. Bc5 Rc8 26. Bxe7 Kxe7 27. Rd4 Qc6 28. Re1 Kf7 29. Rexe4 Rhe8 30. Rxe8 Rxe8 31. Na5 Qc7 32. Nc4 Re2 33. Qf1 Qe7 34. Qf4 b5 35. Nb6 Bxf5 36. Qxf5 Re1+ 37. Ka2 Qe6+ 38. Qxe6+ 1-0

[Event "Tianjin Binhai Cup-B 3rd"]
[Site "Tianjin"]
[Date "2023.08.21"]
[Round "3"]
[White "Xu, Tianqi"]
[Black "Liu, Haoling"]
[Result "0-1"]
[WhiteElo "1428"]
[BlackElo "1709"]
[PlyCount "128"]
[EventDate "2023.08.20"]
[EventType "swiss"]
[EventRounds "9"]
[EventCountry "CHN"]
[SourceTitle "EXT 2024"]
[Source "ChessBase"]
[SourceDate "2023.10.10"]
[SourceVersion "1"]
[SourceVersionDate "2023.10.10"]
[SourceQuality "1"]

1. Nf3 d5 2. d4 Nf6 3. c4 e6 4. Nc3 Be7 5. Bg5 0-0 6. e3 Nbd7 7. Bd3 dxc4 8. Bxc4 c5 9. 0-0 cxd4 10. Qxd4 Nb6 11. Bb3 Qxd4 12. Nxd4 Bd7 13. Rfd1 Rfd8 14. Rac1 a6 15. e4 h6 16. Bh4 g5 17. Bg3 Rac8 18. f3 Nc4 19. Bxc4 Rxc4 20. Bf2 Be8 21. Nb3 Rxd1+ 22. Rxd1 b5 23. Rd4 Rc8 24. Rd2 Nd7 25. Bd4 Nb8 26. a3 Nc6 27. Bc5 Bf6 28. Rd6 Be5 29. Rd3 Na5 30. Nxa5 Rxc5 31. Nd1 Rc2 32. b4 Kf8 33. Nb3 Ke7 34. Rd2 Rc8 35. g3 f5 36. exf5 exf5 37. Nc5 f4 38. g4 Bc6 39. Kg2 Ra8 40. Nf2 a5 41. Re2 Kd6 42. Nfd3 Bc3 43. Rc2 axb4 44. axb4 Ra3 45. Kf2 Bd4+ 46. Ke2 Bd5 47. Rd2 Be3 48. Rc2 Ra1 49. Ne4+ Bxe4 50. fxe4 Rg1 51. e5+ Kd5 52. Kf3 h5 53. gxh5 g4+ 54. Ke2 Rg2+ 55. Kd1 f3 56. Ne1 f2 57. Re2 f1Q 58. Rxe3 Ke6 59. h6 Rxh2 60. h7 Rxh7 61. Rd3 Rh1 62. Re3 g3 63. Kd2 g2 64. Nxg2 Qxg2+ 0-1

[Event "CHN-chTB"]
[Site "Hefei"]
[Date "2023.04.19"]
[Round "4"]
[White "Hu, Zehua"]
[Black "Liu, Haoling"]
[Result "1-0"]
[WhiteElo "1992"]
[BlackElo "1635"]
[PlyCount "93"]
[EventDate "2023.04.17"]
[EventType "team-swiss"]
[EventRounds "9"]
[EventCountry "CHN"]
[SourceTitle "EXT 2024"]
[Source "ChessBase"]
[SourceDate "2023.10.10"]
[SourceVersion "1"]
[SourceVersionDate "2023.10.10"]
[SourceQuality "1"]
[WhiteTeam "Tianjin Yipin"]
[BlackTeam "Hebei"]
[WhiteTeamCountry "CHN"]
[BlackTeamCountry "CHN"]

1. Nf3 d5 2. c4 c6 3. e3 Nf6 4. Nc3 g6 5. d4 Bg7 6. Bd3 0-0 7. 0-0 c5 8. dxc5 Nc6 9. Qe2 Bg4 10. Rd1 e5 11. cxd5 Nxd5 12. Nxd5 Qxd5 13. Bxg6 Bxf3 14. gxf3 Qxc5 15. Qc2 Qxc2 16. Bxc2 Rfd8 17. Bd2 h6 18. Bc3 Kf8 19. Be4 Rxd1+ 20. Rxd1 Rd8 21. Rxd8+ Nxd8 22. Kf1 b6 23. Bd5 f6 24. Ke2 Ke7 25. Bb4+ Kd7 26. Kd3 f5 27. Kc4 Nc6 28. Bc3 Bf6 29. Kb5 Ne7 30. Bf7 Nc8 31. Ka6 Kc6 32. Bc4 Kc5 33. Bd3 Nd6 34. Kxa7 b5 35. a3 e4 36. Bb4+ Kc6 37. fxe4 fxe4 38. Be2 Bxb2 39. Ka6 Be5 40. h3 Bh2 41. f3 Bg1 42. fxe4 Bxe3 43. e5 Nc4 44. e6 Bc1 45. e7 Kd7 46. Bg4+ Ke8 47. Bh5+ 1-0

[Event "CHN-chTB"]
[Site "Hefei"]
[Date "2023.04.19"]
[Round "5"]
[White "Liu, Haoling"]
[Black "Zhou, Yuxu"]
[Result "1-0"]
[WhiteElo "1635"]
[BlackElo "1252"]
[PlyCount "73"]
[EventDate "2023.04.17"]
[EventType "team-swiss"]
[EventRounds "9"]
[EventCountry "CHN"]
[SourceTitle "EXT 2024"]
[Source "ChessBase"]
[SourceDate "2023.10.10"]
[SourceVersion "1"]
[SourceVersionDate "2023.10.10"]
[SourceQuality "1"]
[WhiteTeam "Hebei"]
[BlackTeam "Shanghai Haiwan"]
[WhiteTeamCountry "CHN"]
[BlackTeamCountry "CHN"]

1. d4 d5 2. c4 c6 3. Nc3 Nf6 4. cxd5 cxd5 5. Nf3 Nc6 6. Bf4 a6 7. e3 Bg4 8. Be2 e6 9. h3 Bh5 10. 0-0 Bd6 11. Bxd6 Qxd6 12. Rc1 0-0 13. Na4 Rac8 14. Nc5 Rc7 15. Qb3 Qe7 16. Rc2 Rfc8 17. Rfc1 Bg6 18. Bd3 Bxd3 19. Nxd3 Ne4 20. Qb6 f6 21. b4 Rd8 22. a4 Rcd7 23. b5 axb5 24. axb5 Nb8 25. Nc5 Nxc5 26. Rxc5 Rd6 27. Qa7 Na6 28. Rc8 Nb4 29. R1c7 R6d7 30. Qxb7 Rxc7 31. Rxc7 Qf8 32. Qa7 h6 33. b6 Kh7 34. b7 Rb8 35. Qb6 Qd8 36. Nd2 Na6 37. Rc6 1-0

[Event "CHN-chT"]
[Site "Nanjing"]
[Date "2023.02.22"]
[Round "9.2"]
[White "Lou, Yiping"]
[Black "Liu, Haoling"]
[Result "1-0"]
[WhiteElo "2500"]
[BlackElo "1589"]
[PlyCount "65"]
[EventDate "2023.02.14"]
[EventType "team-swiss"]
[EventRounds "9"]
[EventCountry "CHN"]
[SourceTitle "CBM 212 Extra"]
[Source "ChessBase"]
[SourceDate "2023.03.31"]
[SourceVersion "1"]
[SourceVersionDate "2023.03.31"]
[SourceQuality "1"]
[WhiteTeam "Shanghai"]
[BlackTeam "Hunan"]
[WhiteTeamCountry "CHN"]
[BlackTeamCountry "CHN"]

1. e4 c5 2. Nf3 Nc6 3. d4 cxd4 4. Nxd4 e6 5. Nc3 Qc7 6. Be3 a6 7. a3 Nf6 8. f4 d6 9. Qf3 Be7 10. 0-0-0 Bd7 11. g4 Nxd4 12. Rxd4 Bc6 13. g5 Nd7 14. h4 Rc8 15. Rd2 b5 16. Kb1 Qb7 17. Bd4 0-0 18. Bh3 a5 19. g6 e5 20. Bxd7 Qxd7 21. gxh7+ Kh8 22. Bxe5 Qe6 23. Bd4 f5 24. Rg1 Bf6 25. Qg3 Bxe4 26. Bxf6 Qxf6 27. Rxd6 Qf7 28. Nxe4 fxe4 29. h5 Rfd8 30. h6 Rxd6 31. hxg7+ Kxh7 32. Qh3+ Rh6 33. Qxc8 1-0

[Event "CHN-chT"]
[Site "Nanjing"]
[Date "2023.02.19"]
[Round "6.2"]
[White "Liu, Haoling"]
[Black "Li, Shilong"]
[Result "1/2-1/2"]
[WhiteElo "1589"]
[BlackElo "2426"]
[PlyCount "129"]
[EventDate "2023.02.14"]
[EventType "team-swiss"]
[EventRounds "9"]
[EventCountry "CHN"]
[SourceTitle "CBM 212 Extra"]
[Source "ChessBase"]
[SourceDate "2023.03.31"]
[SourceVersion "1"]
[SourceVersionDate "2023.03.31"]
[SourceQuality "1"]
[WhiteTeam "Hunan"]
[BlackTeam "Guangdong"]
[WhiteTeamCountry "CHN"]
[BlackTeamCountry "CHN"]

1. d4 Nf6 2. c4 e6 3. Nc3 Bb4 4. e3 0-0 5. Qc2 Re8 6. Nf3 d5 7. a3 Bf8 8. Bd3 Nbd7 9. 0-0 c5 10. cxd5 exd5 11. dxc5 Nxc5 12. Bb5 Bd7 13. Rd1 Rc8 14. Qe2 Nb3 15. Rb1 Bf5 16. Bd3 Bg4 17. Bc2 Qb6 18. Na4 Nxc1 19. Rbxc1 Qa5 20. b4 Qd8 21. h3 Bh5 22. Bf5 Rxc1 23. Rxc1 a5 24. Nc5 axb4 25. axb4 Qb6 26. g4 Bg6 27. Bxg6 hxg6 28. Qd2 Rd8 29. Qd4 Qc7 30. Nd3 Qd6 31. Kg2 Be7 32. Qe5 Nd7 33. Qxd6 Bxd6 34. Nd4 Kf8 35. Nc5 Bxc5 36. bxc5 Rc8 37. Nb3 Ke7 38. f4 Ra8 39. c6 bxc6 40. Rxc6 Ra3 41. Rc3 Nf6 42. Rd3 Ne4 43. Nc1 Ra1 44. Ne2 Ra2 45. Kf1 Kd6 46. Nc3 Nxc3 47. Rxc3 Rh2 48. Ra3 Rxh3 49. Kg2 Rh8 50. Ra7 Rf8 51. Kf3 Ke6 52. Ra6+ Ke7 53. Ra7+ Kd6 54. Kf2 Ke6 55. Ra6+ Kd7 56. Ra7+ Kc6 57. Kf3 Kb6 58. Rd7 Kc6 59. Ra7 Kd6 60. Kf2 Ke6 61. Ra6+ Kd7 62. Ra7+ Ke6 63. Ra6+ Kd7 64. Ra7+ Ke6 65. Ra6+ 1/2-1/2